000 00582nam a2200229 a 4500
001 nice12345678
003 IN_TiNIC
005 20260116013023.0
008 050524s1953 bara grp 000 0 eng
020 _a
_c37
082 0 0 _a915.40402
_bBAT
100 _aIbn, Batuta
245 _aRehla of Ibn Battuta
_b India, Maldive Islands and Ceylon
260 _aBaroda
_bOriental Institute
_c1953
300 _a300p
500 _aincludes index and biblioraphy
505 2 _aIndex
650 _aIndia-Travel and Description
902 _bSRS
942 _cBK
999 _c9303
_d9303